Normal view
MARC view
Entry Personal Name
001 - CONTROL NUMBER
- control field: 10407
003 - CONTROL NUMBER IDENTIFIER
- control field: HDC
005 - DATE AND TIME OF LATEST TRANSACTION
- control field: 20230624073330.0
008 - FIXED-LENGTH DATA ELEMENTS
- fixed length control field: 210204|| aca||aabn | a|a d
040 ## - CATALOGING SOURCE
- Original cataloging agency: HDC
- Transcribing agency: HDC
100 ## - HEADING--PERSONAL NAME
- Personal name: Desiderio, Louella D
670 ## - SOURCE DATA FOUND
- Source citation: Work cat.: (HDC): Desiderio, Louella D. author, Exporters urged to explore halal market in Malaysia / by, [no year]
